[Event "WYCC Girls U18"]
[Site "Vung Tau City VIE"]
[Date "2008.10.22"]
[Round "4"]
[White "Girya,O"]
[Black "Zhorzholiani,M"]
[Result "1/2-1/2"]
[WhiteElo "2332"]
[BlackElo "2122"]

1.e4 c5 2.Nc3 Nc6 3.Bb5 Nd4 4.Bc4 e6 5.Nge2 Nf6 6.O-O a6 7.a4 d5 8.exd5 exd5
9.Ba2 Nxe2+ 10.Qxe2+ Be7 11.d3 Be6 12.h3 O-O 13.Qf3 Qd7 14.Bg5 Rad8 15.Qg3 Kh8
16.f4 c4 17.Qf2 Qc6 18.Kh1 Ng8 19.Ne2 Bc5 20.Qf3 f6 21.Bh4 Ne7 22.Bf2 Bxf2
23.Qxf2 Qc8 24.Rae1 Nf5 25.g4 Nd6 26.f5 Bg8 27.Nf4 Bf7 28.Qg2 Qc5 29.c3 cxd3
30.Nxd3 Qa5 31.Nf4 Nc8 32.Bb3 Qc5 33.g5 fxg5 34.Qxg5 Qc6 35.Kh2 Qb6 36.Rg1 Rg8
37.Bd1 Qxb2+ 38.Rg2 Qxc3 39.Re6 Qc7 40.Rg3 Rd6 41.f6 g6 42.Re2 d4 43.Nd3 Re6
44.Rc2 Rc6 45.Rxc6 bxc6 46.Qc5 Nd6 47.Ne5 Ne4 48.Qe7 Qxe7 49.fxe7 Bd5 50.Rd3 c5
51.Bb3 Bxb3 52.Rxb3 Re8 53.Rb7 Kg7 54.Kg2 Kf6 55.Nc6 Nc3 56.Rb6 Nd5 57.Rxa6 Nxe7
58.Nxd4+ Ke5 59.Nb5 Rc8 60.Ra7 Ke6 61.Kf3 c4 62.Ke4 h6 63.Ra6+ Kd7 64.Ra7+ Ke6
65.Ra6+ Kd7 66.Ra7+ Ke6  1/2-1/2

[Event "WYCC Boys U18"]
[Site "Vung Tau City VIE"]
[Date "2008.10.22"]
[Round "4"]
[White "Hovhannisyan,R"]
[Black "Valli,F"]
[Result "1-0"]
[WhiteElo "2409"]
[BlackElo "2179"]

1.e4 c5 2.Nc3 Nc6 3.Nge2 d6 4.d4 cxd4 5.Nxd4 Nf6 6.Bg5 e6 7.Qd2 a6 8.O-O-O Bd7
9.f4 b5 10.Bxf6 gxf6 11.Nxc6 Bxc6 12.Qe3 Qc7 13.Kb1 b4 14.Ne2 Qa7 15.Nd4 e5
16.Nf5 Qxe3 17.Nxe3 Bxe4 18.Bc4 Bh6 19.Bd5 Bxd5 20.Nxd5 Bxf4 21.Nxf4 exf4
22.Rxd6 Rg8 23.Rd2 Kf8 24.Re1 Re8 25.Rxe8+ Kxe8 26.Kc1 Ke7 27.Rf2 a5 28.Kd2 Ke6
29.Kd3 Ke5 30.Kc4 Rd8 31.Kb5 Rd5+ 32.Kb6 Ke4 33.Re2+ Kf5 34.c4 bxc3 35.bxc3 a4
36.c4 Rd1 37.c5 Rb1+ 38.Ka6 a3 39.c6 Rc1 40.Kb6 Rb1+ 41.Kc5 Rc1+ 42.Kd6 Rd1+
43.Ke7 Rc1 44.Kd7 Rd1+ 45.Kc8 Rb1 46.c7 Rb2 47.Kd7 Rxe2 48.c8=Q  1-0

[Event "24th ECC"]
[Site "Kallithea GRE"]
[Date "2008.10.23"]
[Round "7"]
[White "Nieminen,K"]
[Black "Gengler,P"]
[Result "1/2-1/2"]
[WhiteElo "2210"]
[BlackElo "2200"]

1.e4 c5 2.Nc3 Nc6 3.Nf3 Nf6 4.Bb5 Qc7 5.O-O Nd4 6.Re1 a6 7.Bf1 Ng4 8.g3 Nxf3+
9.Qxf3 Ne5 10.Qe2 d6 11.h3 g6 12.Nd5 Qd8 13.a4 Bg7 14.d3 Nc6 15.c3 O-O 16.Bg2 Rb8
17.Bg5 h6 18.Bd2 b5 19.axb5 axb5 20.Ra2 b4 21.Rea1 bxc3 22.bxc3 e6 23.Ne3 Rb3
24.Ra3 Rb2 25.Qe1 Rb8 26.Kh2 Qc7 27.Qe2 Bb7 28.f4 Ra8 29.Rxa8  1/2-1/2

[Event "Vasylyshyn Mem"]
[Site "Lviv UKR"]
[Date "2008.10.23"]
[Round "3"]
[White "Geller,J"]
[Black "Papin,V"]
[Result "1/2-1/2"]
[WhiteElo "2511"]
[BlackElo "2455"]

1.e4 c5 2.Nc3 Nc6 3.Nf3 Nf6 4.d4 cxd4 5.Nxd4 e5 6.Ndb5 d6 7.Bg5 a6 8.Na3 b5
9.Nd5 Qa5+ 10.Bd2 Qd8 11.Bg5 Be7 12.Bxf6 Bxf6 13.c3 Bg5 14.Be2 O-O 15.O-O  1/2-1/2

[Event "LiraH Autumn"]
[Site "Lichtenrade GER"]
[Date "2008.10.24"]
[Round "7"]
[White "Svane,R"]
[Black "Shapiro,Y"]
[Result "1-0"]
[WhiteElo "1967"]
[BlackElo "2125"]

1.e4 c5 2.Nf3 Nc6 3.Nc3 g6 4.Bb5 Bg7 5.Bxc6 dxc6 6.h3 Nf6 7.d3 b6 8.O-O Nh5
9.e5 f5 10.Qe2 O-O 11.Bd2 Qe8 12.e6 Rf6 13.d4 cxd4 14.Nxd4 c5 15.Ndb5 Qc6
16.Qf3 Qxf3 17.gxf3 Bb7 18.Bg5 Rff8 19.Bxe7 Rfe8 20.Bh4 h6 21.Nc7 g5 22.Bg3 f4
23.Bh2 Nf6 24.Nxa8 Bxa8 25.Rfe1 Nd5 26.Nb5 Bxb2 27.Rad1 Re7 28.c4 Nf6 29.Rd8+ Re8
30.e7 Bc6 31.Nd6 Kg7 32.Re6 Ba4 33.Nxe8+ Nxe8 34.Ra8 Kf7 35.Re2 Bc3 36.Rxa7 Ba5
37.h4 Kf6 38.Rb2 Bd1 39.Kg2 Kf7 40.Rb5 Be2 41.Raxa5 bxa5 42.Rxc5 Kf6 43.a4 Nd6
44.Rxa5 Bxc4 45.Rc5 Bf7 46.a5 Be8 47.a6 Nb5 48.Rxb5  1-0

[Event "12th Corsica Masters"]
[Site "Bastia/Ajaccio FRA"]
[Date "2008.10.25"]
[Round "3"]
[White "Tiviakov,S"]
[Black "Moingt,JC"]
[Result "1-0"]
[WhiteElo "2686"]
[BlackElo "2285"]

1.e4 c5 2.Nc3 Nc6 3.Bb5 g6 4.Bxc6 dxc6 5.d3 Bg7 6.Be3 b6 7.Qd2 e5 8.f4 exf4
9.Bxf4 Nf6 10.Nf3 O-O 11.Bh6 Be6 12.Bxg7 Kxg7 13.O-O h6 14.b3 Qe7 15.Kh1 Rad8
16.Qf2 Nh7 17.Rae1 Ng5 18.Qg3 Nxf3 19.Rxf3 Qd6 20.e5 Qd4 21.Nd1 Qg4 22.Qf2 Bd5
23.Rg3 Qd7 24.Qf6+ Kh7 25.Nf2 Qe6 26.Qh4 Qf5 27.Ng4 h5 28.Nf6+ Kh6 29.c4 Be6
30.Rf3 Rd4 31.Qf2 Qg5 32.Rg3 Qf4 33.Rf3 Qg5 34.h3 Rfd8 35.Ree3 Bf5 36.Qe2 Rf4
37.Rg3 Qh4 38.Kh2 Bg4 39.Qd2 Kg7 40.Re1 Rdd4 41.Qe3 Bf5 42.Qe2 Bxd3 43.Nxh5+ Kh6
44.Rxd3 Rxd3 45.Qxd3 Qxh5 46.e6 fxe6 47.Rxe6 Rf2 48.Qe3+  1-0

[Event "WYCC Boys U14"]
[Site "Vung Tau City VIE"]
[Date "2008.10.26"]
[Round "7"]
[White "Berchtenbreiter,M"]
[Black "Van Kampen,R"]
[Result "1-0"]
[WhiteElo "2116"]
[BlackElo "2307"]

1.e4 c5 2.Nc3 Nc6 3.Bb5 Nd4 4.Bc4 e6 5.Nge2 g6 6.Nxd4 cxd4 7.Nb5 Qb6 8.c3 Bg7
9.O-O Ne7 10.Nxd4 Bxd4 11.cxd4 d5 12.exd5 exd5 13.Bb3 O-O 14.Re1 Be6 15.d3 Qxd4
16.Bh6 Rfe8 17.Qd2 Nc6 18.Be3 Qb4 19.Bd1 Qxd2 20.Bxd2 Bf5 21.Bf3 Rxe1+ 22.Rxe1 Be6
23.Rc1 f6 24.b3 Rc8 25.Rc5 Ne7 26.Rxc8+ Nxc8 27.Kf1 Ne7 28.Ke2 Nc6 29.Ke3 Kf7
30.Bc3 Ke7 31.g4 Bf7 32.Bb2 Ke6 33.Be2 Be8 34.h4 h6 35.Ba3 h5 36.gxh5 gxh5
37.Bf1 Bg6 38.Bb2 Ne5 39.Bxe5 fxe5 40.d4 Bb1 41.a3 Kf6 42.Bg2 Ke6 43.dxe5 Kxe5
44.f4+ Kf5 45.Bxd5 Kg4 46.Bxb7 Kxh4 47.Bf3 Bg6 48.Kf2 Bf5 49.b4 Bd7 50.Be2 Ba4
51.b5 Bc2 52.Ke3 Ba4 53.Ke4 Kg3 54.Bxh5 Bxb5 55.f5  1-0

[Event "Grand Prix CCAS"]
[Site "Cap D'Agde FRA"]
[Date "2008.10.27"]
[Round "3"]
[White "Wunderman,X"]
[Black "Ivanov,Jo"]
[Result "0-1"]
[WhiteElo "2164"]
[BlackElo "2428"]

1.e4 c5 2.Nc3 Nc6 3.Bb5 Nd4 4.Bc4 e6 5.Nf3 Nf6 6.O-O a6 7.d3 Qc7 8.a4 Bd6
9.h3 O-O 10.Bg5 Nxf3+ 11.Qxf3 Be5 12.Qe2 h6 13.Bd2 d6 14.Kh1 Bd7 15.f4 Bd4
16.Ba2 Bc6 17.Nd1 c4 18.Bxc4 d5 19.exd5 exd5 20.Bb3 Rfe8 21.Qf3 Ba7 22.Nf2 d4
23.Qg3 Re2 24.Rad1 Rae8 25.Rfe1 Nh5 26.Qh4 Rxe1+ 27.Rxe1 Rxe1+ 28.Bxe1 Nxf4
29.Ne4 Bxe4 30.dxe4 d3 31.Bd2 Ne2  0-1

[Event "I Gedeon Barcza Mem"]
[Site "Budapest HUN"]
[Date "2008.10.29"]
[Round "4"]
[White "Kulaots,K"]
[Black "Skoberne,J"]
[Result "1-0"]
[WhiteElo "2556"]
[BlackElo "2501"]

1.e4 c5 2.Nc3 Nc6 3.Bb5 Nd4 4.Bc4 d6 5.Nge2 Nf6 6.d3 e5 7.O-O Be7 8.f4 Bd7
9.fxe5 dxe5 10.Nxd4 cxd4 11.Nd5 Be6 12.Nxf6+ gxf6 13.b3 h5 14.a4 Rc8 15.Bd2 Kd7
16.Bb5+ Kc7 17.Ba5+ b6 18.Be1 Kb7 19.Bh4 Rg8 20.Bc4 Rg4 21.g3 f5 22.Bxe7 Qxe7
23.Bxe6 fxe6 24.exf5 Qg5 25.Qe2 exf5 26.Qxe5 Rc5 27.Qe2 h4 28.b4 Rc6 29.b5 Rg6
30.Qf3+ Kb8 31.Rae1 Rg8 32.Re2 hxg3 33.h3 g2 34.Rfe1 Qh5 35.Re7  1-0

[Event "WYCC Girls U18"]
[Site "Vung Tau City VIE"]
[Date "2008.10.29"]
[Round "10"]
[White "Jorgensen,L"]
[Black "Deur,Z"]
[Result "0-1"]
[WhiteElo "1946"]
[BlackElo "2003"]

1.e4 c5 2.Nc3 Nc6 3.Nge2 g6 4.g3 Bg7 5.Bg2 e6 6.d3 Nge7 7.O-O O-O 8.f4 d6
9.Be3 Nd4 10.Bf2 Nec6 11.Rb1 Rb8 12.Qd2 Qa5 13.Nc1 b5 14.Nb3 Qc7 15.Nxd4 Nxd4
16.Ne2 Nxe2+ 17.Qxe2 c4 18.d4 b4 19.c3 Ba6 20.Rfc1 Rfc8 21.Qd2 bxc3 22.bxc3 e5
23.fxe5 dxe5 24.d5 Bf8 25.Bh3 Rd8 26.Qe3 Qa5 27.Rxb8 Rxb8 28.Qxa7 Rb2 29.Rf1 Qxa2
30.Bb6 f5 31.exf5 Bc8 32.Qxa2 Rxa2 33.fxg6 Bxh3 34.gxh7+ Kxh7 35.Rxf8 Ra1+
36.Kf2  0-1

[Event "WYCC Boys U16"]
[Site "Vung Tau City VIE"]
[Date "2008.10.29"]
[Round "10"]
[White "Kanarek,M"]
[Black "Pascua,H"]
[Result "1-0"]
[WhiteElo "2458"]
[BlackElo "2307"]

1.e4 c5 2.Nf3 Nc6 3.Nc3 Nf6 4.Bb5 Qc7 5.O-O Nd4 6.Re1 a6 7.Bc4 d6 8.Nd5 Nxd5
9.exd5 Bf5 10.Nxd4 cxd4 11.d3 b5 12.Bb3 g6 13.Bg5 O-O-O 14.a4 b4 15.a5 Qb7
16.Bd2 Bd7 17.Re4 e5 18.dxe6 Bc6 19.Rxd4 d5 20.exf7 Qxf7 21.Qg4+ Kb7 22.Bxb4 Bg7
23.Rf4 Qc7 24.d4 Rhe8 25.Qf3 Rd7 26.c3 Bh6 27.Rf6 Bg7 28.Rxc6 Qxc6 29.g3 Qe6
30.Bc5 Red8 31.Ra4 Rf7 32.Rb4+ Ka8 33.Qd1 Rb8 34.Bb6 Bf8 35.Qf1 Kb7 36.Ra4 Re8
37.Ra1 Qe4 38.Re1 Qxe1 39.Bxd5+ Kb8 40.Bxf7 Re2 41.Qxe1 Rxe1+ 42.Kg2 Rb1
43.b3 Rb2 44.Bg8 h6 45.Kf3 g5 46.h4 gxh4 47.gxh4 Be7 48.h5 Rc2 49.c4 Rc3+
50.Ke4 Rxb3 51.f4 Rb1 52.c5 Rc1 53.Be6 Rh1 54.Bf7 Rc1 55.Kd5 Bh4 56.Kc6 Bf2
57.Kd7 Be3 58.c6 Bxf4 59.d5 Ka8 60.c7  1-0

[Event "TCh-CHN Torch Real Estate Cup"]
[Site "Jiangsu Wuxi CHN"]
[Date "2008.10.30"]
[Round "12"]
[White "Ni Hua"]
[Black "Yu Lie"]
[Result "1/2-1/2"]
[WhiteElo "2704"]
[BlackElo "2383"]

1.e4 c5 2.Nf3 Nc6 3.Nc3 Nf6 4.Bb5 Qc7 5.O-O Nd4 6.Bc4 d6 7.d3 Bg4 8.Nb5 Nxb5
9.Bxb5+ Nd7 10.h3 Bxf3 11.Qxf3 g6 12.Qg3 Bg7 13.f4 O-O 14.Bc4 Nb6 15.f5 Nxc4
16.dxc4 a6 17.a4 Qc6 18.Qd3 b6 19.c3 Rab8 20.Bg5 Rb7 21.Qe3 Re8 22.Bh6 Bf6
23.Qf3 Reb8 24.g4 Qe8 25.Kh1 Be5 26.g5 Rc7 27.h4 e6 28.f6 Rd7 29.h5 b5 30.axb5 axb5
31.cxb5 c4 32.Ra4 gxh5 33.Rxc4 Rxb5 34.b4 h4 35.g6 hxg6 36.Bg7 Bg3 37.Qe3 Rh5
38.Qb6 d5 39.Rc5 Bd6 40.Rc6 Bg3 41.Rc5 Bd6 42.Rc6 Bg3 43.Rc5 Bd6 44.Rb5 Rd8
45.Ra5 Bb8 46.Qb7 Rc8 47.Rc5 Rd8 48.Qe7 Qxe7 49.fxe7 Re8 50.Bf6 Bd6 51.e5 Bxe7
52.Rc7 Bxf6 53.exf6 Rb8 54.Rb1 Rb5 55.Rc5 Rb7 56.b5 Rh8 57.c4 dxc4 58.Rxc4 Rh5
59.b6 Rd5 60.Rxh4 Rh5 61.Rxh5 gxh5 62.Rg1+ Kf8 63.Rd1 Kg8 64.Rg1+ Kh7 65.Rg7+ Kh6
66.Kg2 e5 67.Kf3 Rxb6 68.Rxf7 Kg6 69.Re7 Kxf6 70.Re8 Rb3+ 71.Ke4 Rb4+ 72.Kf3 Kf5
73.Rf8+ Kg5 74.Re8 Rf4+ 75.Ke3 Rf5 76.Rg8+ Kh4 77.Rg1 Rg5 78.Rh1+ Kg4 79.Rg1+ Kf5
80.Rh1 e4 81.Rh4 Rg3+ 82.Kf2 Rg4 83.Rxh5+ Kf4 84.Rh3 e3+ 85.Rxe3 Rg2+  1/2-1/2

[Event "WYCC Boys U14"]
[Site "Vung Tau City VIE"]
[Date "2008.10.30"]
[Round "11"]
[White "Berchtenbreiter,M"]
[Black "Meskovs,N"]
[Result "1/2-1/2"]
[WhiteElo "2116"]
[BlackElo "2247"]

1.e4 c5 2.Nc3 Nc6 3.Nge2 e5 4.Nd5 d6 5.Nec3 Nge7 6.Bc4 Nxd5 7.Nxd5 Ne7 8.c3 Nxd5
9.Bxd5 Be7 10.Qa4+ Kf8 11.Qb3 f6 12.O-O Qb6 13.Qxb6 axb6 14.d4 Ra7 15.f4 exd4
16.cxd4 Bd7 17.dxc5 bxc5 18.Re1 Bc6 19.Bd2 Bxd5 20.exd5 f5 21.Bc3 b5 22.b4 c4
23.Bd4 Rb7 24.a4 bxa4 25.Rxa4 Kf7 26.b5 Rxb5 27.Rxe7+ Kxe7 28.Ra7+ Ke8 29.Ra8+ Kf7
30.Rxh8 Rxd5 31.Be3 Rd3 32.Kf2 d5 33.Ke2 h6 34.Ra8 Kg6 35.Ra2 Kh5 36.Rd2 Rxd2+
37.Kxd2 g5 38.Kc3 gxf4 39.Bxf4 Kg4 40.Bxh6 f4 41.Kd4 f3 42.gxf3+ Kxf3 43.Kxd5 c3
44.Ke5 Kg4  1/2-1/2

[Event "WYCC Boys U14"]
[Site "Vung Tau City VIE"]
[Date "2008.10.30"]
[Round "11"]
[White "Grigoryan,K2"]
[Black "Malureanu,C"]
[Result "1-0"]
[WhiteElo "2072"]
[BlackElo "1948"]

1.e4 c5 2.Nc3 Nc6 3.Bb5 g6 4.Bxc6 dxc6 5.d3 Bg7 6.Nge2 e5 7.Be3 b6 8.Qd2 Be6
9.b3 Qc7 10.O-O Ne7 11.a4 O-O 12.a5 Rfd8 13.Na4 f5 14.f3 f4 15.Bf2 Rab8 16.Kh1 Nc8
17.Rfb1 Nd6 18.c4 Nc8 19.Qc3 Bf8 20.Ra2 g5 21.g4 Bd6 22.Qe1 h5 23.h3 Qh7
24.Kg2 Rf8 25.Ng1 hxg4 26.hxg4 Kg7 27.Nh3 Kf6 28.Qd2 Rh8 29.Rh1 Ne7 30.Raa1 Qg7
31.axb6 axb6 32.b4 Ng6 33.bxc5 bxc5 34.Bxc5 Nh4+ 35.Kf2 Qe7 36.Bxd6 Qxd6
37.Qc3 c5 38.Ng1 Rb4 39.Ne2 Rhb8 40.Qc2 Bd7 41.Nac3 Rb2 42.Nd5+ Kg6 43.Qd1 Be6
44.Ra7 Bxd5 45.exd5 Qb6 46.Re7 Qb4 47.Rxe5 Qc3 48.Re4 Ra8 49.Kf1 Qb4 50.Kf2 Rd2
51.Qb1 Qxb1 52.Rxb1 Rxd3 53.Rxf4 Ra2 54.Rf8 Rdd2 55.Re8 Rac2 56.Re6+ Kf7
57.Rb7+ Kf8 58.d6  1-0

[Event "SenWM"]
[Site "Bad Zwischenahn GER"]
[Date "2008.10.31"]
[Round "4"]
[White "Onoprienko,V"]
[Black "Gutman,L"]
[Result "1-0"]
[WhiteElo "2334"]
[BlackElo "2485"]

1.e4 c5 2.Nc3 Nc6 3.Nf3 d6 4.d4 Bg4 5.d5 Nb8 6.h3 Bxf3 7.Qxf3 Nd7 8.Bb5 Nf6
9.O-O a6 10.Bxd7+ Nxd7 11.a4 g6 12.Qe2 Bg7 13.f4 O-O 14.Be3 Qa5 15.Ra3 Rac8
16.Kh2 Rfe8 17.Bd2 c4 18.Nd1 Qc5 19.Bc3 e6 20.Bxg7 Kxg7 21.dxe6 Rxe6 22.Qf3 Rce8
23.Nf2 Nf6 24.Re3 Ng8 25.Re2 Qb4 26.c3 Qxa4 27.Rd2 Qc6 28.Qe3 f5 29.g4 Nf6
30.gxf5 gxf5 31.Qd4 fxe4 32.Ng4 Qc5 33.Nxf6 Rxf6 34.Rg2+ Kf7 35.Qd1 e3 36.Qf3 Re7
37.Rfg1 Rg6 38.Rg5 Qc6 39.Qh5 Ke8 40.f5 e2 41.fxg6 e1=Q 42.g7+ Kd7 43.Rxe1  1-0

[Event "Grand Prix CCAS"]
[Site "Cap D'Agde FRA"]
[Date "2008.10.31"]
[Round "8"]
[White "Boudre,JP"]
[Black "Bedouin,X"]
[Result "1/2-1/2"]
[WhiteElo "2324"]
[BlackElo "2403"]

1.e4 c5 2.Nf3 Nc6 3.Nc3 g6 4.d4 cxd4 5.Nxd4 Bg7 6.Be3 Nf6 7.Bc4 O-O 8.Bb3 a5
9.O-O Nxd4 10.Bxd4 d6 11.f3 Nd7 12.Rf2 Bxd4 13.Qxd4 Qb6 14.Qxb6 Nxb6 15.Nd5 Nxd5
16.Bxd5 Ra6 17.Rd1 Rb6 18.c3 Be6 19.Kf1 Rc8 20.Ke1 Rc5  1/2-1/2

[Event "ch-BRA s/f"]
[Site "Dois Irmaos BRA"]
[Date "2008.11.01"]
[Round "4"]
[White "Lucena,L"]
[Black "Shumyatsky,V"]
[Result "1/2-1/2"]
[WhiteElo "2239"]
[BlackElo "2063"]

1.e4 c5 2.Nf3 Nc6 3.Nc3 Nf6 4.g3 d6 5.Bg2 g6 6.d3 Bg7 7.O-O Bd7 8.h3 h5 9.Nh4 Qc7
10.f4 O-O-O 11.f5 gxf5 12.Nxf5 Bxf5 13.Rxf5 Nd4 14.Rf2 Rdg8 15.Nd5 Qd7 16.Ne3 Bh6
17.Kh2 Rg6 18.c3 Nc6 19.d4 Rhg8 20.Nf5 Bxc1 21.Rxc1 Qc7 22.Qd2 Kb8 23.b4 Ne8
24.bxc5 dxc5 25.Qf4 Qxf4 26.gxf4 e6 27.Nh4 R6g7 28.dxc5 Nf6 29.Rd2 Rd8 30.Rcd1 Rxd2
31.Rxd2 Kc7 32.Bf3 Rg8 33.Rg2 Rxg2+ 34.Nxg2 e5 35.f5 Ne7 36.Kg3 Kc6 37.Ne3 Kxc5
38.Kh4 b5 39.Kg5 Neg8 40.a3 a5 41.h4 a4 42.Nd5 Nxd5 43.exd5 Ne7 44.Bxh5 e4
45.Bxf7 e3 46.Bh5 Nxd5 47.f6 Kd6 48.Bg4 Nxc3 49.Kg6 e2 50.f7 e1=Q 51.f8=Q+ Qe7
52.Qf4+ Qe5 53.Qb4+ Kc7  1/2-1/2

[Event "21st Belgrade Trophy"]
[Site "Obrenovac SRB"]
[Date "2008.11.01"]
[Round "5"]
[White "Bulatovic,N"]
[Black "Markovic,Mo"]
[Result "1-0"]
[WhiteElo "2073"]
[BlackElo "1976"]

1.e4 c5 2.Nf3 Nc6 3.Nc3 e6 4.Be2 Nf6 5.O-O Qc7 6.d4 cxd4 7.Nxd4 a6 8.a3 b5
9.Be3 Bb7 10.f4 d6 11.Nb3 Be7 12.Qe1 O-O 13.Qg3 b4 14.axb4 Nxb4 15.f5 Nxc2
16.Bh6 g6 17.Bxf8 Rxf8 18.Rac1 Qb6+ 19.Qf2 Qxb3 20.Bd1 Qxb2 21.Rxc2 Qb4 22.Bf3 Bxe4
23.Rb1 Qc4 24.Nxe4 Qa4 25.Ra2 Qc4 26.Qe2 Qd4+ 27.Kh1 exf5 28.Nxf6+ Bxf6 29.Rd1 Qc5
30.Rxa6 Be5 31.Ra8 Qb4 32.Rxf8+ Kxf8 33.g3 h5 34.Kg2 h4 35.Rc1 hxg3 36.hxg3 Qd4
37.Rc7 Qb6 38.Rb7 Qa5 39.Rb5 Qc3 40.Rb8+ Kg7 41.Qd1 Qe3 42.Rb7 Qg5 43.Qe1 Kg8
44.Bd5 Kf8 45.Rxf7+ Ke8 46.Rh7 Kf8 47.Kh1 Ke8 48.Qa5 Qc1+ 49.Kg2 Qb2+ 50.Kh3 Qb8
51.Qa4+  1-0

[Event "21st Belgrade Trophy"]
[Site "Obrenovac SRB"]
[Date "2008.11.01"]
[Round "5"]
[White "Sarenac,I"]
[Black "Popchev,M"]
[Result "0-1"]
[WhiteElo "2286"]
[BlackElo "2426"]

1.e4 c5 2.Nf3 Nc6 3.Nc3 Nd4 4.Bc4 e6 5.O-O a6 6.Nxd4 cxd4 7.Ne2 b5 8.Bb3 Bb7
9.d3 Bc5 10.c3 dxc3 11.bxc3 Nf6 12.Nf4 d6 13.Nh5 Nxh5 14.Qxh5 Qf6 15.Bd2 Qg6
16.Qh3 O-O 17.Rae1 e5 18.Be3 Bc8 19.Qh4 Be6  0-1

[Event "TCh-HUN 2008-9"]
[Site "Budapest HUN"]
[Date "2008.11.02"]
[Round "2"]
[White "Kerek,K"]
[Black "Farkas,Ti"]
[Result "1-0"]
[WhiteElo "2325"]
[BlackElo "2289"]

1.e4 c5 2.Nc3 Nc6 3.Bb5 Nd4 4.Bc4 e6 5.Nge2 Ne7 6.Nxd4 cxd4 7.Ne2 Nc6 8.O-O Be7
9.d3 O-O 10.Bb3 d6 11.f4 b5 12.f5 Bg5 13.Ng3 exf5 14.exf5 Ne5 15.Bd5 Rb8
16.Bxg5 Qxg5 17.Ne4 Qh6 18.h3 Bb7 19.Bxb7 Rxb7 20.f6 Rd8 21.fxg7 Qxg7 22.Rf5 Kh8
23.Qh5 Qg6 24.Qh4 Rg8 25.Rg5 Qe6 26.Nf6 Nf3+ 27.gxf3 Qe3+ 28.Kh2 Qe2+ 29.Kg3 Qe5+
30.f4 Qe3+ 31.Kg2 Qd2+ 32.Kh1  1-0

[Event "TCh-HUN 2008-9"]
[Site "Budapest HUN"]
[Date "2008.11.02"]
[Round "2"]
[White "Mihok,O"]
[Black "Konnyu,J"]
[Result "1-0"]
[WhiteElo "2345"]
[BlackElo "2316"]

1.e4 c5 2.Nf3 Nc6 3.Nc3 g6 4.d4 cxd4 5.Nxd4 Bg7 6.Nb3 d6 7.Be2 Nf6 8.O-O O-O
9.Bg5 h6 10.Bh4 a6 11.f4 Bd7 12.Bf3 Rc8 13.Kh1 b5 14.Qe2 Nh7 15.Qe3 Qe8 16.Rad1 e5
17.fxe5 Nxe5 18.Be2 b4 19.Nd5 Rxc2 20.Be7 Rxb2 21.Rd2 Rxd2 22.Qxd2 Bb5 23.Bxf8 Nxf8
24.Nc7 Qc6 25.Nxb5 axb5 26.Qxb4 Qc2 27.Qd2 Qxe4 28.Bxb5 Ne6 29.Qxd6 Kh7 30.Qd2 Ng5
31.a4 f5 32.Nc5 Qh4 33.Qe1 Qd4 34.Nb3 Qd5 35.Qd1 Qe4 36.Nd2 Qb4 37.Qe2 Ng4
38.h3 Nf6 39.Rb1 Qf4 40.Bc6 Nh5 41.Nf1 Qd6 42.Qc4 Nf4 43.Rb7 Nge6 44.Rd7 Qe5
45.Bf3 h5 46.a5 Qxa5 47.g3 Qa3 48.Nd2 Nc5 49.Rxg7+ Kxg7 50.Qxf4 Nd3 51.Qd4+ Kh7
52.Kh2 Ne1 53.Bd5 Qd3 54.Qxd3 Nxd3 55.Nf3 Kh6 56.Bc4 Nc5 57.h4 Ne4 58.Bd3 Nc5
59.Bc2 Ne6 60.Bb3 Nc5 61.Ba2 Ne4 62.Bb1 Nc3 63.Bc2 Nd5 64.Bb3 Nb4 65.Ng5 Kg7
66.Kg2 Nc6 67.Ba2 Ne5 68.Kf2 Kf6 69.Ke3 Nc6 70.Kf4 Nd4 71.Bc4 Nc6 72.Nf3 Ne7
73.Ne5 Nc8 74.Nd7+ Ke7 75.Ne5 Kf6 76.Bb5 Nd6 77.Bc6 Nc8 78.Be8 Ne7 79.Bf7  1-0

[Event "IX Rapid Open"]
[Site "El Sauzal ESP"]
[Date "2008.11.02"]
[Round "6"]
[White "Cabrera Trujillo,J"]
[Black "Ros Octavio de Toledo,E"]
[Result "1-0"]
[WhiteElo "2438"]
[BlackElo "2198"]

1.e4 c5 2.Nf3 Nc6 3.Nc3 d6 4.d4 cxd4 5.Nxd4 e6 6.g4 a6 7.Be3 Nf6 8.g5 Nd7
9.h4 Qc7 10.Qe2 Nxd4 11.Bxd4 b5 12.O-O-O Bb7 13.Rh3 Nc5 14.Nd5 exd5 15.exd5+ Kd8
16.Re3 Be7 17.Bxg7 Re8 18.Bf6 Bc8 19.Re1 Ra7 20.Qf3 Qa5 21.Bxe7+ Raxe7 22.Qf6 Qc7
23.Rxe7 Qxe7 24.Rxe7 Rxe7 25.Qxd6+ Nd7 26.Bd3 Bb7 27.Bf5 Ke8 28.f4  1-0

[Event "TCh-HUN 2008-9"]
[Site "Nagykanizsa HUN"]
[Date "2008.11.02"]
[Round "2"]
[White "Lupulescu,C"]
[Black "Csiszar,C"]
[Result "1-0"]
[WhiteElo "2594"]
[BlackElo "2437"]

1.e4 c5 2.Nc3 Nc6 3.Nge2 Nd4 4.Nxd4 cxd4 5.Ne2 e5 6.c3 dxc3 7.dxc3 Bc5 8.Ng3 Nf6
9.Bc4 O-O 10.Bg5 h6 11.Bxf6 Qxf6 12.O-O d6 13.b4 Bb6 14.a4 a6 15.a5 Ba7 16.Bd5 g6
17.c4 h5 18.Ra3 h4 19.Ne2 h3 20.gxh3 Qh4 21.Kg2 Kg7 22.f4 f5 23.Rg3 Rb8 24.c5 dxc5
25.Qa1 cxb4 26.fxe5 Be6 27.Nf4 Bxd5 28.exd5 Kh7 29.e6 g5 30.Qe5 Rbe8 31.d6 Bb8
32.e7 Qh6 33.exf8=N+ Qxf8 34.Ne6  1-0

[Event "21st Belgrade Trophy"]
[Site "Obrenovac SRB"]
[Date "2008.11.02"]
[Round "6"]
[White "Nadj Hedjesi,B"]
[Black "Petrovic,ZoZ"]
[Result "1-0"]
[WhiteElo "2296"]
[BlackElo "2149"]

1.e4 c5 2.Nc3 Nc6 3.Bb5 Nd4 4.Bc4 g6 5.Nf3 Bg7 6.Nxd4 cxd4 7.Qf3 Nh6 8.Ne2 O-O
9.d3 Ng4 10.Bb3 Ne5 11.Qg3 Nc6 12.O-O a5 13.a4 d6 14.f4 e6 15.f5 exf5 16.exf5 Bxf5
17.Bg5 Qe8 18.Rae1 Qd7 19.Nf4 h6 20.Bh4 g5 21.Bxg5 hxg5 22.Qxg5 Kh7 23.Qh5+ Kg8
24.Nd5 Bh7 25.Nb6 Qd8 26.Bxf7+ Rxf7 27.Qxf7+ Kh8 28.Nxa8 Ne5 29.Rxe5 dxe5
30.Nc7  1-0

[Event "Autumn"]
[Site "Nea Filadelfia GRE"]
[Date "2008.11.03"]
[Round "5"]
[White "Tassopoulos,M"]
[Black "Klokas,K"]
[Result "1/2-1/2"]
[WhiteElo "2280"]
[BlackElo "2175"]

1.e4 c5 2.Nf3 Nc6 3.Nc3 Nf6 4.Bb5 Nd4 5.e5 Nxb5 6.Nxb5 Nd5 7.Ng5 f5 8.O-O a6
9.Nc3 Nxc3 10.dxc3 e6 11.Qe2 g6 12.Rd1 Be7 13.Nxe6 Qb6 14.Nf4 O-O 15.Nd5 Qd8
16.Be3 b6 17.Rd2 Bb7 18.Rad1 Bc6 19.Bh6 Re8 20.Qc4 Kh8 21.Nxb6 Bg5 22.Bxg5 Qxg5
23.f4 Qg4 24.Nd5 Rxe5 25.Nf6 Qh4 26.g3 Qxf6 27.fxe5 Qxe5 28.Qf4 Qe6 29.b4 g5
30.Qxg5 Qe4 31.Qf6+ Kg8 32.Qg5+ Kh8 33.Qf6+ Kg8 34.Qg5+ Kh8  1/2-1/2

[Event "Pan-American Continental"]
[Site "Boca Raton USA"]
[Date "2008.11.06"]
[Round "8"]
[White "Friedel,J"]
[Black "Matsuura,E"]
[Result "1-0"]
[WhiteElo "2498"]
[BlackElo "2469"]

1.e4 c5 2.Nf3 Nc6 3.Nc3 g6 4.d4 cxd4 5.Nxd4 Bg7 6.Be3 Nf6 7.Bc4 Qa5 8.O-O O-O
9.Bb3 d6 10.h3 Bd7 11.f4 Nxd4 12.Bxd4 Bc6 13.Qd3 Rad8 14.Rad1 e6 15.f5 gxf5
16.Bxf6 Bxf6 17.exf5 d5 18.Kh1 Qb4 19.fxe6 fxe6 20.Ne2 Qe7 21.Nf4 Bg5 22.Qg3 e5
23.Nxd5 Rxf1+ 24.Rxf1 Bxd5 25.Rf5 Bxb3 26.Rxg5+ Kh8 27.axb3 Re8 28.Rf5 b6
29.Kg1 Qe6 30.Qf3 Qd6 31.Rf7 a5 32.Qh5 Qg6 33.Rxh7+  1-0

[Event "Open"]
[Site "Kaikoura NZL"]
[Date "2008.11.10"]
[Round "6"]
[White "Solomon,SJ"]
[Black "Nokes,R"]
[Result "1-0"]
[WhiteElo "2470"]
[BlackElo "2293"]

1.e4 c5 2.Nf3 Nc6 3.Nc3 d6 4.d4 cxd4 5.Nxd4 e5 6.Nxc6 bxc6 7.Bc4 Nf6 8.O-O Be7
9.Qd3 O-O 10.h3 Bb7 11.Bg5 h6 12.Bxf6 Bxf6 13.Rad1 Qb6 14.Qxd6 Qxb2 15.Na4 Qxc2
16.Bb3 Qe2 17.Nc5 Bc8 18.Rfe1 Qh5 19.Rd3 a6 20.Rg3 Bh4 21.Bd1 Bxg3 22.Bxh5 Bh4
23.Rd1 Ra7 24.Qxe5 Re7 25.Qd6 Bf6 26.f4 Rfe8 27.Bf3  1-0

[Event "Open"]
[Site "Kaikoura NZL"]
[Date "2008.11.11"]
[Round "8"]
[White "Chandler,M"]
[Black "Nokes,R"]
[Result "1-0"]
[WhiteElo "2515"]
[BlackElo "2293"]

1.e4 c5 2.Nf3 Nc6 3.Nc3 d6 4.d4 cxd4 5.Nxd4 Nf6 6.Bg5 e6 7.Qd2 Be7 8.O-O-O O-O
9.Nb3 a5 10.a4 d5 11.Bb5 Nb4 12.Rhe1 Bd7 13.exd5 Bxb5 14.d6 Bc6 15.Qf4 Re8
16.dxe7 Qxe7 17.Nd4 e5 18.Bxf6 Qxf6 19.Qxf6 gxf6 20.Nxc6 bxc6 21.Ne4 Re6
22.Nc5 Re7 23.Rd6 f5 24.Rf6 Rd8 25.c3 Nd3+ 26.Nxd3 Rxd3 27.Rxf5 Rd5 28.Rf6 Rc5
29.Re4 Kg7 30.Rf5 Kg6 31.g4 Rd5 32.c4 Rc5 33.Kc2 f6 34.Kc3 Rb7 35.b3 h6 36.Rh5 Rb8
37.f4 Ra8 38.fxe5 Re8 39.Kd4 Rcxe5 40.Rexe5 fxe5+ 41.Rxe5 Rf8 42.Rxa5 Rf4+
43.Kc5 Rxg4 44.Kxc6 Rh4 45.Ra8 Rxh2 46.a5 Rb2 47.a6  1-0

[Event "38th Olympiad"]
[Site "Dresden GER"]
[Date "2008.11.14"]
[Round "2"]
[White "Ibarra Chami,L"]
[Black "Canda,D"]
[Result "1-0"]
[WhiteElo "2389"]
[BlackElo "2289"]

1.e4 c5 2.Nc3 Nc6 3.Bb5 g6 4.Bxc6 bxc6 5.f4 d6 6.Nf3 Bg7 7.O-O Nh6 8.d3 O-O
9.h3 Rb8 10.f5 gxf5 11.Nh4 Kh8 12.exf5 Ng8 13.Ne4 Bxb2 14.Bxb2+ Rxb2 15.Qh5 Nf6
16.Nxf6 exf6 17.Rf2 Rb7 18.Re1 Re7 19.Rxe7 Qxe7 20.Re2 Qd8 21.Qh6 Rg8 22.g4 Bd7
23.Ng2 d5 24.Kf1 c4 25.Nf4 cxd3 26.cxd3 c5 27.Nh5 Bb5 28.Nxf6 Rg7 29.Nh5 Rg8
30.Nf6 Rg7 31.Re8+ Bxe8 32.Nxh7 Kg8 33.Nf6+ Kf8 34.Qh8+ Ke7 35.Qxg7 Qd6 36.Nh5 Qh2
37.Qg5+ Kd6 38.Qd8+  1-0

[Event "XXXII Tenkes Cup"]
[Site "Harkany HUN"]
[Date "2008.11.15"]
[Round "2"]
[White "Erdelyi,Z"]
[Black "Erdos,V"]
[Result "1/2-1/2"]
[WhiteElo "2363"]
[BlackElo "2577"]

1.e4 c5 2.Nf3 Nc6 3.Nc3 Nf6 4.d4 d5 5.exd5 Nxd5 6.Bc4 Nxc3 7.bxc3 e6 8.d5 exd5
9.Bxd5 Be7 10.O-O O-O 11.Rb1 Qc7 12.Ng5 Bxg5 13.Bxg5 Be6 14.c4 Rae8 15.Re1 b6
16.Rb3 Bxd5 17.cxd5 Rxe1+ 18.Qxe1 Nd4 19.Qe7 Qxe7 20.Bxe7 Nxb3 21.axb3 f6
22.Bxf8 Kxf8 23.c4 Ke7 24.Kf1 Kd6 25.Ke2 a6 26.Kd3 b5 27.f4 f5  1/2-1/2